Hozzászólás Fülöp Péter A példák vonzanak c. cikkéhez /

Elmentve itt :
Bibliográfiai részletek
Szerző: Fábián Tibor
További közreműködők: Fülöp Péter
Dokumentumtípus: Cikk
Megjelent: 1993
Sorozat:Iskolakultúra 3 No. 5
Kulcsszavak:Technika tanítása, Oktatásügy - Magyarország - 20. sz., Pedagógia - Magyarország - 20. sz., Technikatörténet
Online Access:http://misc.bibl.u-szeged.hu/43597
LEADER 00745nab a2200193 i 4500
001 misc43597
005 20191106141226.0
008 180831s1993 hu o 0|| zxx d
022 |a 1215-5233 
040 |a SZTE Miscellanea Repozitórium  |b hun 
041 |a zxx 
100 1 |a Fábián Tibor 
245 1 0 |a Hozzászólás Fülöp Péter  |h [elektronikus dokumentum] :  |b A példák vonzanak c. cikkéhez /  |c  Fábián Tibor 
260 |c 1993 
300 |a 57-58 
490 0 |a Iskolakultúra  |v 3 No. 5 
695 |a Technika tanítása, Oktatásügy - Magyarország - 20. sz., Pedagógia - Magyarország - 20. sz., Technikatörténet 
700 0 1 |a Fülöp Péter 
856 4 0 |u http://misc.bibl.u-szeged.hu/43597/1/iskolakultura_1993_005_057-058.pdf  |z Dokumentum-elérés